| 000 | 01093cam a2200217 4500 | ||
|---|---|---|---|
| 001 | ##L135259 | ||
| 008 | 061009n2006 000 0 eng u | ||
| 035 | _a(Sirsi) u135259 | ||
| 041 | 0 | _aeng | |
| 050 | 0 | 4 | _a711.1 $2 18 |
| 110 | 2 |
_aTown and Country Planning Association _93022 |
|
| 245 | 0 | 0 | _aPermission to plan? |
| 260 |
_aLondon _bTCPA _aLondon _bPWHC _c2006 |
||
| 520 | _aStresses that planning should be less about minimising harm and controlling development and more about maximising benefit for the long term through more aligned investment in public services. Highlights calls for refocusing resources on strengthening planning for place-making with greater emphasis on integrating planning with local service delivery and investment in infrastructure. Concludes that planners are too risk-averse and process orientated. | ||
| 590 | _aIKA171006 | ||
| 651 | 4 |
_aEngland and Wales _y1543- |
|
| 690 | 2 | 4 |
_aPlanning and development _96259 |
| 710 | 2 |
_aPriceWaterhouseCoopers _93793 |
|
| 856 | 4 | 0 |
_uhttps://tcpa.org.uk _zView the report free of charge at www.tcpa.org.uk... |
| 942 | _n0 | ||
| 999 |
_c105972 _d105972 |
||